000
00242nam a2200097Ia 4500
001
655237
005
20250826154533.0
008
250824s9999 xx 000 0 und d
245
0
_a
Ruby Rogers Çıkar Beni Buradan!
_c
Sue Limb
260
_b
ALTIN
999
_c
655237
_d
655237